000 00435nam a2200205Ia 4500
001 084293
003 YMCAF
005 20230512161443.0
008 100717s2002 ||||||||||||||||| ||und|d
024 _a84293
035 _a23753
040 _aYMCAF
_beng
_cIN-KoLT
041 _aeng
082 _a004.67
_bCAR
100 _aCarty, Glen
245 0 _aBroadband networking
260 _bTMH
_c2002
300 _a474
942 _2ddc
_cBK
999 _c8687
_d8687